Greek Gods - Sudden death - Statistics

General Stats
  • This quiz has been taken 122 times
  • The average score is 6 of 15
Answers on the Grid
Answers color-coded by a green-red scale on the quiz's grid according to % correct below.
Atreus
Socrates
Callisto
Cronus
Atlas
Chiron
Medusa
Odin
Horus
Proserpina
Zeus
Hades
Heimdall
Calliope
Ananke
Erebus
Hestia
Hermes
Thalassa
Eris
Nyx
Aphrodite
Persephone
Heracles
Jupiter
Hercules
Poseidon
Caelus
Camenae
Tiberinus
Maui
Thanatos
 
Answer Stats
Answer % Correct
Zeus
78%
Poseidon
70%
Aphrodite
69%
Hermes
66%
Hades
63%
Hestia
53%
Persephone
53%
Thanatos
34%
Heracles
31%
Nyx
31%
Eris
27%
Calliope
17%
Erebus
9%
Thalassa
6%
Ananke
5%
No matching quizzes found
Score Distribution
Percent of People with Each Score
Percentile by Number Answered
Your Score History
You have not taken this quiz